[Event "Eje Cafetero Region 3rd"]
[Site "Eje Cafetero"]
[Date "2009.03.22"]
[Round "5.33"]
[White "Morales, Jhon David"]
[Black "Alvarez, Mario"]
[Result "0-1"]
[WhiteElo "1600"]
[BlackElo "1609"]
[PlyCount "33"]
[EventDate "2009.03.21"]
[EventType "swiss"]
[EventRounds "7"]
[EventCountry "COL"]
[SourceTitle "EXT 2024"]
[Source "ChessBase"]
[SourceDate "2023.10.10"]
[SourceVersion "1"]
[SourceVersionDate "2023.10.10"]
[SourceQuality "1"]

1. c3 e5 2. g3 d5 3. h4 Nf6 4. d3 c5 5. b3 a5 6. e4 Bd6 7. exd5 Nxd5 8. Bh3 Bxh3 9. Nxh3 f5 10. 0-0 0-0 11. Kg2 f4 12. gxf4 exf4 13. Nxf4 Nxf4+ 14. Bxf4 Bxf4 15. Nd2 Qxh4 16. f3 Qg3+ 17. Kh1 0-1